<?xml version="1.0" encoding="UTF-8"?>
<record
    xmlns:xsi="http://www.w3.org/2001/XMLSchema-instance"
    xsi:schemaLocation="http://www.loc.gov/MARC21/slim http://www.loc.gov/standards/marcxml/schema/MARC21slim.xsd"
    xmlns="http://www.loc.gov/MARC21/slim">

  <leader>01286cam a2200157   4500500</leader>
  <controlfield tag="005">20260329012327.0</controlfield>
  <datafield tag="041" ind1=" " ind2=" ">
    <subfield code="a">fre</subfield>
  </datafield>
  <datafield tag="042" ind1=" " ind2=" ">
    <subfield code="a">dc</subfield>
  </datafield>
  <datafield tag="100" ind1="1" ind2="0">
    <subfield code="a">Sibony, Judith</subfield>
    <subfield code="e">author</subfield>
  </datafield>
  <datafield tag="245" ind1="0" ind2="0">
    <subfield code="a">Hofesh Shechter, enfant de la danse</subfield>
  </datafield>
  <datafield tag="260" ind1=" " ind2=" ">
    <subfield code="c">2024.
							</subfield>
  </datafield>
  <datafield tag="500" ind1=" " ind2=" ">
    <subfield code="a">39</subfield>
  </datafield>
  <datafield tag="520" ind1=" " ind2=" ">
    <subfield code="a">Auteur de nombreux essais qui vont &#xE0; contresens de l&#x2019;islamisme, notamment L&#x2019;Islam sans soumission. Pour un existentialisme musulman () en&#xA0;2008, Abdennour Bidar plaide pour un islam qui soit compatible avec l&#x2019;esprit des Lumi&#xE8;res et la la&#xEF;cit&#xE9;. R&#xE9;cuser tous les enfermements id&#xE9;ologiques&#xA0;: tel pourrait &#xEA;tre le credo de cet intellectuel passionn&#xE9; par le soufisme, la tradition &#xE9;sot&#xE9;rique de l&#x2019;islam. Agr&#xE9;g&#xE9; de philosophie, membre du Comit&#xE9; consultatif national d&#x2019;&#xE9;thique et du Conseil des sages de la la&#xEF;cit&#xE9;, Abdennour Bidar a publi&#xE9; en&#xA0;2015 un Plaidoyer pour la fraternit&#xE9; () qui appelle &#xE0; la rencontre et &#xE0; la r&#xE9;conciliation des diff&#xE9;rentes traditions spirituelles de l&#x2019;humanit&#xE9;. Entretien avec un penseur universaliste qui combat les assignations identitaires.</subfield>
  </datafield>
  <datafield tag="786" ind1="0" ind2=" ">
    <subfield code="n">Revue des deux Mondes | Septembre | 6 | 2024-09-01 | p. 98-101 | 2266-4734</subfield>
  </datafield>
  <datafield tag="856" ind1="4" ind2="1">
    <subfield code="u">https://shs.cairn.info/revue-revue-des-deux-mondes-2024-6-page-98?lang=fr&amp;redirect-ssocas=7080</subfield>
  </datafield>
  <datafield tag="999" ind1=" " ind2=" ">
    <subfield code="c">1870002</subfield>
    <subfield code="d">1870002</subfield>
  </datafield>
</record>
